The 'Market panacea': Agrarian transformation in developing countries and former socialist economiies (Record no. 41735)

MARC details
000 -LEADER
fixed length control field 00366nam a2200109Ia 4500
082 ## - DEWEY DECIMAL CLASSIFICATION NUMBER
Classification number 339.1
Item number SPO
100 ## - MAIN ENTRY--AUTHOR NAME
Personal name Spoor, Max
245 #4 - TITLE STATEMENT
Title The 'Market panacea': Agrarian transformation in developing countries and former socialist economiies
260 ## - PUBLICATION, DISTRIBUTION, ETC. (IMPRINT)
Place of publication London
Name of publisher Intermediate Technology Publications
Year of publication 1997
942 ## - ADDED ENTRY ELEMENTS (KOHA)
Koha item type Books
Holdings
Withdrawn status Lost status Damaged status Not for loan Home library Current library Date acquired Cost, normal purchase price Full call number Accession Number Koha item type
        RRII Library RRII Library 16/12/2021 14.95 339.1 SPO 22021 Books